000 00594nam a2200229Ia 4500
008 170203s9999 xx 000 0 und d
020 _a9780545001168
050 _aFic
050 _bY68w
100 _aYoung, Ruth.
245 _aWho says moo? /
245 _cby Ruth Young ; illustrated by Lisa Campbell Ernst.
260 _aNew York :
260 _bScholastic Inc.
260 _c1994
300 _a1 volume (unpaged) :
300 _bcolor illustrations ;
300 _c23 cm
650 _aAnimals -- Miscellanea --
650 _aAnimals.
650 _xJuvenile literature.
999 _c306607
_d306607